000 00649nam a2200181 i 4500
001 21440
003 ES-MaACL
005 20240219223410.0
007 t|
008 021125s1894 fr ||||1| fre d
100 1 _aAlcalá Galiano, José,
_d1839-1919
_9125587
245 1 0 _aInauguration du buste de Cervantes dans la grotte du jardin d'Hassan /
_cdiscours prononcé par José Alcalá Galiano... le 24 juin 1894.
260 _aAlger :
_b[s.n],
_c1894 (
_fImp. Ernest Mallebay)
300 _a11 p. ;
_c25 cm.
600 1 7 _aCervantes Saavedra, Miguel de,
_d1547-1616-
_xHomenajes
_2
_9144790
852 _aES-MaACL
_jT-864-F-6
999 _c21440
_d21440